00741nam a22001337a 4500008004100000040005500041080001500096245025100111260006900362650001100431942001300442999001700455952013500472230410b |||||||| |||| 00| 0 eng d aNational Science LibrarycNational Science Library a338(4)bK0 aEconomic survey of Europe in 1959: bIncluding studies of the economic significance of the public sector in some western European economies, and development problems in southern Europe and Irelandc/ United Nations, Economic Commission for Europe aGeneva: bUnited Nations, Economic Commission for Europe, c1960 aEurope 2udccREP c19801d19801 00102udc4063384_K070929015aNSLbNSLcGF/Rk-5/C-7/R-1d2004-08-05l0o338(4) K0p194636r2023-04-10 00:00:00w2004-08-05yREP